MyGZULibrary

Inzondo engela mkhawulo / (Record no. 5575)

MARC details
000 -LEADER
fixed length control field 00744cam a22002537a 4500
001 - CONTROL NUMBER
control field 3413400
003 - CONTROL NUMBER IDENTIFIER
control field GZU
005 - DATE AND TIME OF LATEST TRANSACTION
control field 20210408100027.0
008 - FIXED-LENGTH DATA ELEMENTS--GENERAL INFORMATION
fixed length control field 900525s1988 rh 000 0 nde
010 ## - LIBRARY OF CONGRESS CONTROL NUMBER
LC control number 89980956
020 ## - INTERNATIONAL STANDARD BOOK NUMBER
International Standard Book Number 0869224301
040 ## - CATALOGING SOURCE
Original cataloging agency DLC
Transcribing agency DLC
050 00 - LIBRARY OF CONGRESS CALL NUMBER
Classification number PL8547 MAB 1997
100 1# - MAIN ENTRY--PERSONAL NAME
Personal name Mabuza, V. R. N.
Fuller form of name (Vivian R. N.),
Dates associated with a name 1949-
245 10 - TITLE STATEMENT
Title Inzondo engela mkhawulo /
Statement of responsibility, etc. V.R.N. Mabuza.
260 ## - PUBLICATION, DISTRIBUTION, ETC.
Place of publication, distribution, etc. Gweru, Zimbabwe :
Name of publisher, distributor, etc. Mambo Press,
Date of publication, distribution, etc. 1988.
300 ## - PHYSICAL DESCRIPTION
Extent 120 p. ;
Dimensions 18 cm.
490 0# - SERIES STATEMENT
Series statement Mambo writers series. Ndebele section ;
Volume/sequential designation vol. 5
500 ## - GENERAL NOTE
General note Ndebele writers
600 ## - SUBJECT ADDED ENTRY--PERSONAL NAME
Source of heading or term Ndebele literature
906 ## - LOCAL DATA ELEMENT F, LDF (RLIN)
a 7
b cbc
c orignew
d u
e ncip
f 19
g y-gencatlg
942 ## - ADDED ENTRY ELEMENTS (KOHA)
Source of classification or shelving scheme Library of Congress Classification
Koha item type Books
Classification part 8547
Item part MAB
Call number prefix PL
Holdings
Withdrawn status Lost status Damaged status Not for loan Collection code Home library Current library Date acquired Total Checkouts Full call number Barcode Date last seen Date last checked out Copy number Price effective from Koha item type Shelving location
        Fiction City Campus Library City Campus Library 04/08/2021 1 PL8547 MAB 1997 G21417 05/24/2023 04/24/2023 c.1 04/08/2021 Books  
        Fiction Mashava Campus Library Mashava Campus Library 05/21/2021   PL8547 MAB 1997 G21689 05/21/2021   c.2 05/21/2021 Books General Stacks